Someone like you / (Record no. 10448)

MARC details
000 -LEADER
fixed length control field 01246cam a2200373 a 4500
001 - CONTROL NUMBER
control field 12258590
003 - CONTROL NUMBER IDENTIFIER
control field EG-ScBUE
005 - DATE AND TIME OF LATEST TRANSACTION
control field 20220811112430.0
008 - FIXED-LENGTH DATA ELEMENTS--GENERAL INFORMATION
fixed length control field 001024s2004 enk f 000 1 eng d
020 ## - INTERNATIONAL STANDARD BOOK NUMBER
International Standard Book Number 0006514766
020 ## - INTERNATIONAL STANDARD BOOK NUMBER
International Standard Book Number 9780006514763
035 ## - SYSTEM CONTROL NUMBER
System control number (Uk)0002261731
035 ## - SYSTEM CONTROL NUMBER
System control number (CStRLIN)UKBPGBA066857-B
040 ## - CATALOGING SOURCE
Original cataloging agency BDS
Language of cataloging eng
Description conventions rda
Transcribing agency BDS
Modifying agency Uk
-- DLC
-- EG-ScBUE
043 ## - GEOGRAPHIC AREA CODE
Geographic area code e-ie---
-- f-ua---
082 04 - DEWEY DECIMAL CLASSIFICATION NUMBER
Classification number 823.92
Edition number 22
Item number KEL
100 1# - MAIN ENTRY--PERSONAL NAME
Personal name Kelly, Cathy,
Relator term author.
245 10 - TITLE STATEMENT
Title Someone like you /
Statement of responsibility, etc Cathy Kelly.
264 #1 - PUBLICATION, DISTRIBUTION, ETC. (IMPRINT)
Place of publication, distribution, etc London :
Name of publisher, distributor, etc Harper Collins Publishers,
Date of publication, distribution, etc 2004.
300 ## - PHYSICAL DESCRIPTION
Extent 677 pages ;
Dimensions 18 cm
336 ## - CONTENT TYPE
Source rdacontent
Content type term text
Content type code txt
337 ## - MEDIA TYPE
Source rdamedia
Media type term unmediated
Media type code n
338 ## - CARRIER TYPE
Source rdacarrier
Carrier type term volume
Carrier type code nc
650 #7 - SUBJECT ADDED ENTRY--TOPICAL TERM
Topical term or geographic name as entry element Female friendship
Form subdivision Fiction.
Source of heading or term BUEsh
9 (RLIN) 39115
650 #7 - SUBJECT ADDED ENTRY--TOPICAL TERM
Topical term or geographic name as entry element Women
Geographic subdivision Ireland
Form subdivision Fiction.
Source of heading or term BUEsh
650 #7 - SUBJECT ADDED ENTRY--TOPICAL TERM
Topical term or geographic name as entry element Irish
Geographic subdivision Egypt
Form subdivision Fiction.
Source of heading or term BUEsh
651 #7 - SUBJECT ADDED ENTRY--GEOGRAPHIC NAME
Geographic name Ireland
Form subdivision Fiction.
Source of heading or term BUEsh
9 (RLIN) 39747
651 #7 - SUBJECT ADDED ENTRY--GEOGRAPHIC NAME
Geographic name Egypt
Form subdivision Fiction.
Source of heading or term BUEsh
653 ## - INDEX TERM--UNCONTROLLED
Resource For college Humanities: English
655 #7 - INDEX TERM--GENRE/FORM
Genre/form data or focus term Psychological fiction.
Source of term lcsh
9 (RLIN) 33706
655 #7 - INDEX TERM--GENRE/FORM
Genre/form data or focus term Humorous stories.
Source of term gsafd
942 ## - ADDED ENTRY ELEMENTS (KOHA)
Source of classification or shelving scheme Dewey Decimal Classification
Koha item type Book - Borrowing
Holdings
Withdrawn status Lost status Source of classification or shelving scheme Damaged status Not for loan Collection code Home library Current library Shelving location Date acquired Source of acquisition Cost, normal purchase price Serial Enumeration / chronology Total Checkouts Total Renewals Full call number Barcode Date last seen Date checked out Price effective from Koha item type
    Dewey Decimal Classification     Alahram Central Library Central Library Second Floor 27/01/2009   75.50 06454 22 105 823.92 KEL 000014311 15/07/2025 19/02/2025 27/01/2009 Book - Borrowing